Rešerše : Úvod do teorie a organizace rešeršních služeb /
Salvato in:
| Autore principale: | |
|---|---|
| Natura: | Libro |
| Lingua: | ceco |
| Pubblicazione: |
Praha :
UVTEI,
1988
|
| Soggetti: | |
| Tags: |
Nessun Tag, puoi essere il primo ad aggiungerne!!
|
MARC
| LEADER | 00000nam a22000003a 4500 | ||
|---|---|---|---|
| 001 | stu41330 | ||
| 005 | 20150617225719.3 | ||
| 008 | 931119s1988----cs------------------cze-d | ||
| 040 | |a STU |b slo | ||
| 041 | 0 | |a cze | |
| 044 | |a cs | ||
| 080 | |a 025.4.03 | ||
| 100 | 1 | |a Matoušová, Miroslava |4 xxx | |
| 245 | 1 | |a Rešerše : |b Úvod do teorie a organizace rešeršních služeb / |c Miroslava Matoušová a kol | |
| 260 | |a Praha : |b UVTEI, |c 1988 | ||
| 300 | |a 227 s | ||
| 650 | 7 | |a Rešerše |2 stusub | |
| 650 | 7 | |a teória a organizácia |2 stusub | |
| 996 | |b 284M034811 |c M*6563-1 |l MMKN |s A |a 24 |w stu41330_0001 | ||